Maiores Artilheiros Seleção Argentina - Statistics

Estatísticas Gerais
  • Esse quiz foi jogado 153 vezes
  • A pontuação média é 6 de 10
Estatísticas das Respostas
Gols Jogos Período Jogador % Correto
98 172 2005-presente Lionel Messi
100%
34 91 1977-1994 Diego Armando Maradona
97%
28 129 2008-presente Ángel Di María
90%
41 101 2006-2021 Sergio Agüero
89%
56 78 1991-2002 Gabriel Batistuta
80%
31 75 2009-2019 Gonzalo Higuaín
78%
35 64 1995-2007 Hernán Crespo
55%
22 70 1976-1986 Daniel Passarella
18%
22 45 1975-1981 Leopoldo Luque
6%
24 45 1961-1967 Luis Artime
3%
Nenhum quiz correspondente encontrado
Distribuição das Pontuações
Porcentagem de Pessoas com Cada Pontuação
Percentil de Números Respondidos
Sua Pontuação Histórica
Você não jogou esse quiz